000 00397nam a2200169Ia 4500
001 28488
003 IN-NITTTR
005 20251114233352.0
008 251113s9999||||xx |||||||||||||| ||eng||
040 _beng
040 _cIN-NITTTR
041 _aeng
082 _a006.33 W31G
100 _aWaterman, Donald A.
245 2 _aA guide to expert systems /
_cWaterman, Donald A.
942 _2ddc
_cBK
999 _c31116
_d31116